| 000 | 00392nam a2200157 i 4500 | ||
|---|---|---|---|
| 001 | 21308 | ||
| 003 | ES-MaACL | ||
| 005 | 20230906152446.0 | ||
| 007 | t| | ||
| 008 | 021122s1945 sp ||||1| spa d | ||
| 100 | 1 |
_aAdan, Joaquín. _918409 |
|
| 245 | 1 | 0 |
_aParo y trabajo / _cJoaquín Adan. |
| 260 |
_a[Bilbao] : _bMayli, _c1934. |
||
| 300 |
_a47 p. ; _c23 cm. |
||
| 852 |
_aES-MaACL _j1803-F-8 |
||
| 999 |
_c21308 _d21308 |
||